<?xml version="1.0" encoding="UTF-8"?>
<record
    xmlns:xsi="http://www.w3.org/2001/XMLSchema-instance"
    xsi:schemaLocation="http://www.loc.gov/MARC21/slim http://www.loc.gov/standards/marcxml/schema/MARC21slim.xsd"
    xmlns="http://www.loc.gov/MARC21/slim">

  <leader>00524nam a22001577a 4500</leader>
  <controlfield tag="005">20260420121649.0</controlfield>
  <controlfield tag="008">260420b        |||||||| |||| 00| 0 eng d</controlfield>
  <datafield tag="020" ind1=" " ind2=" ">
    <subfield code="a">978-9912-752-22-1</subfield>
  </datafield>
  <datafield tag="050" ind1=" " ind2=" ">
    <subfield code="a">PL 8703 .E 54 2005 </subfield>
  </datafield>
  <datafield tag="100" ind1=" " ind2=" ">
    <subfield code="a">EDITED BY H. D SALLA</subfield>
  </datafield>
  <datafield tag="245" ind1=" " ind2=" ">
    <subfield code="a">ENGLISH-SWAHILI DICTIONARY OF EAST AFRICA: KAMUSI YA KIINGEREZA-KISWAHILI YA AFRKA MASHARIKI</subfield>
  </datafield>
  <datafield tag="260" ind1=" " ind2=" ">
    <subfield code="a">DAR ES SALAAM, </subfield>
    <subfield code="b">MBIU PRESS,</subfield>
    <subfield code="c">2025,</subfield>
  </datafield>
  <datafield tag="300" ind1=" " ind2=" ">
    <subfield code="a">XXXiV, 871 P, ILL</subfield>
  </datafield>
  <datafield tag="650" ind1=" " ind2=" ">
    <subfield code="a">1.  English language-Dictionaries-Swahili</subfield>
  </datafield>
  <datafield tag="942" ind1=" " ind2=" ">
    <subfield code="2">lcc</subfield>
    <subfield code="c">REF</subfield>
  </datafield>
  <datafield tag="999" ind1=" " ind2=" ">
    <subfield code="c">217019</subfield>
    <subfield code="d">217019</subfield>
  </datafield>
  <datafield tag="952" ind1=" " ind2=" ">
    <subfield code="0">0</subfield>
    <subfield code="1">0</subfield>
    <subfield code="2">lcc</subfield>
    <subfield code="4">0</subfield>
    <subfield code="6">PL8703 E54  02025</subfield>
    <subfield code="7">0</subfield>
    <subfield code="8">ARTS</subfield>
    <subfield code="9">377115</subfield>
    <subfield code="a">KSUL</subfield>
    <subfield code="b">KSUL</subfield>
    <subfield code="c">DISPLAY</subfield>
    <subfield code="d">2026-04-20</subfield>
    <subfield code="i">113032</subfield>
    <subfield code="l">0</subfield>
    <subfield code="o">PL 8703 .E 54 2025</subfield>
    <subfield code="p">A001780</subfield>
    <subfield code="r">2026-04-20 12:18:01</subfield>
    <subfield code="t">1</subfield>
    <subfield code="w">2026-04-20</subfield>
    <subfield code="y">REF</subfield>
  </datafield>
  <datafield tag="952" ind1=" " ind2=" ">
    <subfield code="0">0</subfield>
    <subfield code="1">0</subfield>
    <subfield code="2">lcc</subfield>
    <subfield code="4">0</subfield>
    <subfield code="6">PL8703 E54  02025</subfield>
    <subfield code="7">0</subfield>
    <subfield code="8">ARTS</subfield>
    <subfield code="9">377116</subfield>
    <subfield code="a">KSUL</subfield>
    <subfield code="b">KSUL</subfield>
    <subfield code="c">DISPLAY</subfield>
    <subfield code="d">2026-04-20</subfield>
    <subfield code="i">113033</subfield>
    <subfield code="l">0</subfield>
    <subfield code="o">PL 8703 .E 54 2025</subfield>
    <subfield code="p">A001769</subfield>
    <subfield code="r">2026-04-20 12:19:08</subfield>
    <subfield code="t">2</subfield>
    <subfield code="w">2026-04-20</subfield>
    <subfield code="y">REF</subfield>
  </datafield>
  <datafield tag="952" ind1=" " ind2=" ">
    <subfield code="0">0</subfield>
    <subfield code="1">0</subfield>
    <subfield code="2">lcc</subfield>
    <subfield code="4">0</subfield>
    <subfield code="6">PL8703 E54  02025</subfield>
    <subfield code="7">0</subfield>
    <subfield code="8">ARTS</subfield>
    <subfield code="9">377117</subfield>
    <subfield code="a">KSUL</subfield>
    <subfield code="b">KSUL</subfield>
    <subfield code="c">DISPLAY</subfield>
    <subfield code="d">2026-04-20</subfield>
    <subfield code="i">113034</subfield>
    <subfield code="l">0</subfield>
    <subfield code="o">PL 8703 .E 54 2025</subfield>
    <subfield code="p">A001778</subfield>
    <subfield code="r">2026-04-20 12:19:00</subfield>
    <subfield code="t">3</subfield>
    <subfield code="w">2026-04-20</subfield>
    <subfield code="y">REF</subfield>
  </datafield>
  <datafield tag="952" ind1=" " ind2=" ">
    <subfield code="0">0</subfield>
    <subfield code="1">0</subfield>
    <subfield code="2">lcc</subfield>
    <subfield code="4">0</subfield>
    <subfield code="6">PL8703 E54  02025</subfield>
    <subfield code="7">0</subfield>
    <subfield code="8">ARTS</subfield>
    <subfield code="9">377118</subfield>
    <subfield code="a">KSUL</subfield>
    <subfield code="b">KSUL</subfield>
    <subfield code="c">DISPLAY</subfield>
    <subfield code="d">2026-04-20</subfield>
    <subfield code="i">113035</subfield>
    <subfield code="l">0</subfield>
    <subfield code="o">PL 8703 .E 54 2025</subfield>
    <subfield code="p">A001771</subfield>
    <subfield code="r">2026-04-20 12:19:00</subfield>
    <subfield code="t">4</subfield>
    <subfield code="w">2026-04-20</subfield>
    <subfield code="y">REF</subfield>
  </datafield>
  <datafield tag="952" ind1=" " ind2=" ">
    <subfield code="0">0</subfield>
    <subfield code="1">0</subfield>
    <subfield code="2">lcc</subfield>
    <subfield code="4">0</subfield>
    <subfield code="6">PL8703 E54  02025</subfield>
    <subfield code="7">0</subfield>
    <subfield code="8">ARTS</subfield>
    <subfield code="9">377119</subfield>
    <subfield code="a">KSUL</subfield>
    <subfield code="b">KSUL</subfield>
    <subfield code="c">DISPLAY</subfield>
    <subfield code="d">2026-04-20</subfield>
    <subfield code="i">113036</subfield>
    <subfield code="l">0</subfield>
    <subfield code="o">PL 8703 .E 54 2025</subfield>
    <subfield code="p">A001772</subfield>
    <subfield code="r">2026-04-20 12:19:00</subfield>
    <subfield code="t">5</subfield>
    <subfield code="w">2026-04-20</subfield>
    <subfield code="y">REF</subfield>
  </datafield>
</record>
